000
00256nam a22001217a 4500
008
170926b xxu||||| |||| 00| 0 eng d
041
_a
eng
080
_a
37
100
_a
46
101
_a
EDU
245
_a
CULTURAL LITERACY
_c
HIRSCH,E.D
942
_2
udc
_c
BK
999
_c
29781
_d
29781